[Event "Piestany op-B"]
[Site "Piestany"]
[Date "2023.07.19"]
[Round "9"]
[White "Sharapova, Polina"]
[Black "Rakovsky, Jakub"]
[Result "0-1"]
[WhiteElo "1673"]
[BlackElo "2073"]
[PlyCount "96"]
[EventDate "2023.07.11"]
[EventType "swiss"]
[EventRounds "9"]
[EventCountry "SVK"]
[SourceTitle "EXT 2024"]
[Source "ChessBase"]
[SourceDate "2023.10.10"]
[SourceVersion "1"]
[SourceVersionDate "2023.10.10"]
[SourceQuality "1"]

1. e4 e5 2. Nc3 Nf6 3. f4 d5 4. fxe5 Nxe4 5. Qf3 f5 6. Nh3 Bc5 7. Ne2 Nc6 8. Qb3 Bb6 9. a4 a5 10. d3 Nc5 11. Qa2 Nb4 12. Qb1 d4 13. Bd2 Qd5 14. Ng5 Bd7 15. b3 Nc6 16. Nf3 Nxe5 17. Nxe5 Qxe5 18. Qb2 Ne6 19. 0-0-0 0-0-0 20. Re1 Qd6 21. g3 Bc6 22. Rg1 Bc5 23. Kb1 Ba3 24. Qa1 Bb4 25. Bxb4 Qxb4 26. Bh3 g6 27. Ka2 Bd5 28. Kb2 Rhe8 29. Qa3 Qxa3+ 30. Kxa3 Bf3 31. Nf4 Nxf4 32. gxf4 Re3 33. Rxe3 dxe3 34. Bg2 Bh5 35. Kb2 Rd4 36. Re1 e2 37. Kc3 Rxf4 38. Kd2 Rf2 39. Bd5 Rf1 40. Bg8 h6 41. d4 Kd7 42. Bc4 Rxe1 43. Kxe1 Kd6 44. Kf2 c5 45. dxc5+ Kxc5 46. Bd3 b6 47. Bc4 Kd4 48. Bd3 Kc3 0-1

[Event "Piestany op-B"]
[Site "Piestany"]
[Date "2023.07.17"]
[Round "7"]
[White "Sharapova, Polina"]
[Black "Durana, Jonas"]
[Result "1-0"]
[WhiteElo "1673"]
[BlackElo "1991"]
[PlyCount "55"]
[EventDate "2023.07.11"]
[EventType "swiss"]
[EventRounds "9"]
[EventCountry "SVK"]
[SourceTitle "EXT 2024"]
[Source "ChessBase"]
[SourceDate "2023.10.10"]
[SourceVersion "1"]
[SourceVersionDate "2023.10.10"]
[SourceQuality "1"]

1. e4 c5 2. Nf3 d6 3. d4 cxd4 4. Qxd4 Nc6 5. Bb5 Bd7 6. Bxc6 Bxc6 7. Nc3 Nf6 8. Bg5 e6 9. 0-0-0 Be7 10. Qd3 Qa5 11. Bh4 0-0-0 12. Nd4 Rhe8 13. f4 d5 14. e5 Nd7 15. Bxe7 Rxe7 16. Qxh7 g6 17. Qh4 Rde8 18. Qe1 Nb6 19. Nxc6 bxc6 20. Nxd5 Qxa2 21. Nxe7+ Rxe7 22. Qc3 Qa1+ 23. Kd2 Rd7+ 24. Ke2 Qa6+ 25. Kf2 Nd5 26. Qc5 Nxf4 27. Qf8+ Kc7 28. Rxd7+ 1-0

[Event "Piestany op-B"]
[Site "Piestany"]
[Date "2023.07.13"]
[Round "3"]
[White "Sharapova, Polina"]
[Black "Babula, Matej"]
[Result "0-1"]
[WhiteElo "1673"]
[BlackElo "1966"]
[PlyCount "112"]
[EventDate "2023.07.11"]
[EventType "swiss"]
[EventRounds "9"]
[EventCountry "SVK"]
[SourceTitle "EXT 2024"]
[Source "ChessBase"]
[SourceDate "2023.10.10"]
[SourceVersion "1"]
[SourceVersionDate "2023.10.10"]
[SourceQuality "1"]

1. e4 e5 2. Nf3 Nc6 3. Bb5 a6 4. Ba4 Nf6 5. d3 b5 6. Bb3 h6 7. a4 b4 8. a5 Bc5 9. c3 bxc3 10. bxc3 d6 11. 0-0 0-0 12. h3 Ba7 13. Nbd2 Ne7 14. d4 Ng6 15. Re1 Bb7 16. dxe5 dxe5 17. Ba3 c5 18. Nc4 Nxe4 19. Qc2 Ng5 20. Nfxe5 Nf4 21. Ne3 Be4 22. Qa2 Qc7 23. N5g4 h5 24. h4 Ngh3+ 25. gxh3 Nxh3+ 26. Kf1 Bd3+ 27. Kg2 hxg4 28. Nxg4 Nf4+ 29. Kg1 Qc6 30. Bxf7+ Rxf7 31. Qxf7+ Kxf7 32. Ne5+ Kf6 33. Nxc6 Ne2+ 34. Kh2 c4 35. Nxa7 Rxa7 36. Bc5 Rb7 37. Bb4 g5 38. Ra2 Nf4 39. hxg5+ Kxg5 40. Re7 Rb8 41. Ra1 Rh8+ 42. Kg1 Ne2+ 43. Rxe2 Bxe2 44. Kg2 Kg4 45. Rg1 Bf3+ 46. Kf1+ Kf4 47. Bd6+ Kf5 48. Rg3 Rh1+ 49. Rg1 Rh6 50. Rg3 Ke4 51. Bc5 Rh1+ 52. Rg1 Rh5 53. Rg6 Rxc5 54. Re6+ Re5 55. Rxa6 Rh5 56. Ke1 Kd3 0-1

[Event "Piestany op-B"]
[Site "Piestany"]
[Date "2023.07.11"]
[Round "1"]
[White "Sharapova, Polina"]
[Black "Chalany, Ondrej"]
[Result "1-0"]
[WhiteElo "1673"]
[BlackElo "1000"]
[PlyCount "57"]
[EventDate "2023.07.11"]
[EventType "swiss"]
[EventRounds "9"]
[EventCountry "SVK"]
[SourceTitle "EXT 2024"]
[Source "ChessBase"]
[SourceDate "2023.10.10"]
[SourceVersion "1"]
[SourceVersionDate "2023.10.10"]
[SourceQuality "1"]

1. e4 d5 2. exd5 Qxd5 3. Nc3 Qe5+ 4. Be2 Bg4 5. d4 Qe6 6. Be3 Nf6 7. h3 Bxe2 8. Ngxe2 Nd5 9. Nxd5 Qxd5 10. Nf4 Qb5 11. Qf3 Nc6 12. 0-0-0 0-0-0 13. Ne2 e6 14. Nc3 Qc4 15. d5 Bb4 16. dxc6 bxc6 17. Qe4 Qxe4 18. Nxe4 Rxd1+ 19. Rxd1 Rd8 20. Rxd8+ Kxd8 21. Bxa7 f5 22. Bc5 Bxc5 23. Nxc5 Ke7 24. a4 Kd6 25. b4 h6 26. a5 Ke7 27. a6 Kd8 28. a7 Kc8 29. a8Q# 1-0

[Event "Kiev Spring op"]
[Site "Kiev"]
[Date "2023.03.30"]
[Round "8"]
[White "Sharapova, Polina"]
[Black "Goreskul, Alyona"]
[Result "1/2-1/2"]
[WhiteElo "1602"]
[BlackElo "2193"]
[PlyCount "39"]
[EventDate "2023.03.25"]
[EventType "swiss"]
[EventRounds "9"]
[EventCountry "UKR"]
[SourceTitle "EXT 2024"]
[Source "ChessBase"]
[SourceDate "2023.10.10"]
[SourceVersion "1"]
[SourceVersionDate "2023.10.10"]
[SourceQuality "1"]

1. e4 e5 2. Nf3 Nf6 3. d4 Nxe4 4. Bd3 d5 5. Nxe5 Nd7 6. Nxf7 Qe7 7. Qe2 Qxf7 8. f3 Ndf6 9. Nd2 Be6 10. fxe4 dxe4 11. Nxe4 Nxe4 12. Bxe4 0-0-0 13. Be3 Bc4 14. Qf3 Bb4+ 15. c3 Rhe8 16. Qxf7 Bxf7 17. Bf5+ Be6 18. Bxe6+ Rxe6 19. Kd2 Bd6 20. Rae1 1/2-1/2

[Event "Kiev Spring op"]
[Site "Kiev"]
[Date "2023.03.29"]
[Round "7"]
[White "Karpinets, Zakhar"]
[Black "Sharapova, Polina"]
[Result "1/2-1/2"]
[WhiteElo "1364"]
[BlackElo "1602"]
[PlyCount "38"]
[EventDate "2023.03.25"]
[EventType "swiss"]
[EventRounds "9"]
[EventCountry "UKR"]
[SourceTitle "EXT 2024"]
[Source "ChessBase"]
[SourceDate "2023.10.10"]
[SourceVersion "1"]
[SourceVersionDate "2023.10.10"]
[SourceQuality "1"]

1. e4 d5 2. exd5 Qxd5 3. Nc3 Qa5 4. Nf3 Nf6 5. Bc4 Bg4 6. 0-0 Nc6 7. Bb5 Bd7 8. d4 0-0-0 9. Bxc6 Bxc6 10. Ne5 Be8 11. Be3 Nd5 12. Nxd5 Qxd5 13. c4 Qe6 14. Qb3 g6 15. Nf3 Bg7 16. Rfe1 Qa6 17. Rac1 e6 18. Bf4 h6 19. Qc3 c5 1/2-1/2

[Event "Kyiv Spring op"]
[Site "Kiev"]
[Date "2023.03.25"]
[Round "1"]
[White "Sakun, Volodymyr"]
[Black "Sharapova, Polina"]
[Result "1-0"]
[WhiteElo "2340"]
[BlackElo "1602"]
[PlyCount "63"]
[EventDate "2023.03.25"]
[EventType "swiss"]
[EventRounds "9"]
[EventCountry "UKR"]
[SourceTitle "CBM 213 Extra"]
[Source "ChessBase"]
[SourceDate "2023.05.31"]
[SourceVersion "1"]
[SourceVersionDate "2023.05.31"]
[SourceQuality "1"]

1. d4 d5 2. c4 e6 3. g3 Nf6 4. Bg2 c6 5. Nd2 Nbd7 6. e4 dxe4 7. Nxe4 Nxe4 8. Bxe4 Bd6 9. Ne2 e5 10. d5 c5 11. Qc2 g6 12. Bh6 f5 13. Bg2 Nf6 14. h3 Kf7 15. 0-0 Ng8 16. Be3 g5 17. b4 b6 18. bxc5 bxc5 19. Nc3 h6 20. Na4 Qa5 21. Rab1 Bd7 22. Rb7 Ke8 23. Rxd7 Kxd7 24. Qxf5+ Kd8 25. Nxc5 Bxc5 26. d6 Bxd6 27. Bxa8 Qc7 28. c5 Be7 29. Rd1+ Ke8 30. Qg6+ Kf8 31. Bd5 Bd8 32. Be6 1-0

[Event "Lvov Buturina Memorial 2nd"]
[Site "Lvov"]
[Date "2022.11.20"]
[Round "9"]
[White "Durnev, Vladimir"]
[Black "Sharapova, Polina"]
[Result "1/2-1/2"]
[WhiteElo "1785"]
[BlackElo "1602"]
[PlyCount "154"]
[EventDate "2022.11.18"]
[EventType "swiss (rapid)"]
[EventRounds "9"]
[EventCountry "UKR"]
[SourceTitle "CBM 212 Extra"]
[Source "ChessBase"]
[SourceDate "2023.03.31"]
[SourceVersion "1"]
[SourceVersionDate "2023.03.31"]
[SourceQuality "1"]

1. d4 d5 2. e3 c5 3. b3 Nf6 4. Nf3 Bg4 5. Nbd2 cxd4 6. exd4 Nc6 7. Bb2 e6 8. Bd3 Bd6 9. 0-0 0-0 10. a3 Re8 11. h3 Bh5 12. g4 Bg6 13. Bxg6 hxg6 14. Re1 Bf4 15. Qe2 Qc7 16. Qd3 Bxd2 17. Nxd2 Qf4 18. Qe3 Qxe3 19. Rxe3 g5 20. Rae1 g6 21. b4 a6 22. Nb3 b6 23. Bc1 Kg7 24. f3 Rac8 25. c3 Rh8 26. Kg2 Rhe8 27. Rd3 Nh7 28. Be3 Na7 29. a4 Rc4 30. a5 bxa5 31. Nxa5 Rc7 32. Ra1 Rec8 33. Bd2 Nb5 34. Rc1 Nf8 35. Nb3 Nd7 36. Kf2 f6 37. Re3 Kf7 38. Ke2 Rh8 39. Rh1 Rhc8 40. Rc1 Rh8 41. Rh1 Rhc8 42. Nc5 Nxc5 43. dxc5 Rh8 44. Kf2 e5 45. Rd3 Ke6 46. Kg3 Rch7 47. Re3 Rc7 48. Re2 Rch7 49. Reh2 Kd7 50. Ra1 Nc7 51. Rah1 Rh4 52. Kf2 Kc6 53. Ke2 Ne6 54. Kd3 Kb5 55. Be3 R4h7 56. Ra1 Nc7 57. Rah1 Ne6 58. Kc2 Kc6 59. Kb3 Kb5 60. Bd2 Nc7 61. Be1 Ne6 62. Bg3 Nc7 63. Kc2 Kc4 64. Kd2 Nb5 65. h4 gxh4 66. Rxh4 Rxh4 67. Rxh4 Rxh4 68. Bxh4 g5 69. Bf2 Nc7 70. Kc2 Nb5 71. c6 Nd6 72. Bc5 Nc8 73. c7 Kb5 74. Kb3 Kc6 75. c4 dxc4+ 76. Kxc4 Kxc7 77. Kd5 Kd7 1/2-1/2

[Event "Lvov Buturina Memorial 2nd"]
[Site "Lvov"]
[Date "2022.11.20"]
[Round "8"]
[White "Sharapova, Polina"]
[Black "Masnyak, Yuriy"]
[Result "1/2-1/2"]
[WhiteElo "1602"]
[BlackElo "1631"]
[PlyCount "31"]
[EventDate "2022.11.18"]
[EventType "swiss (rapid)"]
[EventRounds "9"]
[EventCountry "UKR"]
[SourceTitle "CBM 212 Extra"]
[Source "ChessBase"]
[SourceDate "2023.03.31"]
[SourceVersion "1"]
[SourceVersionDate "2023.03.31"]
[SourceQuality "1"]

1. e4 c5 2. Nf3 Nc6 3. Bb5 g6 4. Bxc6 dxc6 5. d3 Qc7 6. Nc3 e5 7. Be3 Nf6 8. h3 Be7 9. Qd2 0-0 10. Nh2 b5 11. 0-0 Rd8 12. Qe2 Be6 13. Ng4 Nxg4 14. hxg4 c4 15. Rfd1 a5 16. g3 1/2-1/2

[Event "Lvov Buturina Memorial 2nd"]
[Site "Lvov"]
[Date "2022.11.18"]
[Round "3"]
[White "Harasym, Danylo"]
[Black "Sharapova, Polina"]
[Result "0-1"]
[WhiteElo "1416"]
[BlackElo "1602"]
[PlyCount "100"]
[EventDate "2022.11.18"]
[EventType "swiss (rapid)"]
[EventRounds "9"]
[EventCountry "UKR"]
[SourceTitle "CBM 212 Extra"]
[Source "ChessBase"]
[SourceDate "2023.03.31"]
[SourceVersion "1"]
[SourceVersionDate "2023.03.31"]
[SourceQuality "1"]

1. e4 c5 2. Nf3 Nc6 3. Bb5 g6 4. Bxc6 dxc6 5. c4 Bg7 6. d3 Nf6 7. Be3 Nxe4 8. Qc2 Qa5+ 9. Nbd2 Nxd2 10. Bxd2 Qc7 11. 0-0-0 Bg4 12. Rde1 Bxf3 13. gxf3 0-0-0 14. Qa4 Kb8 15. Qa3 b6 16. Re4 Kb7 17. Rhe1 e5 18. f4 f5 19. R4e2 exf4 20. Re7 Rd7 21. Rxd7 Qxd7 22. Bxf4 Re8 23. Rxe8 Qxe8 24. Kd2 Qd8 25. b4 g5 26. Be3 f4 27. Bxc5 bxc5 28. b5 cxb5 29. Qxc5 bxc4 30. Qb5+ Kc7 31. Qc5+ Kd7 32. Qb5+ Ke6 33. Qxc4+ Kf6 34. Qc6+ Kf7 35. Qc4+ Kg6 36. Qe4+ Kh6 37. Qe6+ Qf6 38. Qb3 Qb2+ 39. Ke1 Qxb3 40. axb3 Bd4 41. Ke2 Kh5 42. Kf3 Kh4 43. Kg2 Kg4 44. f3+ Kf5 45. h3 h5 46. Kh2 g4 47. fxg4+ hxg4 48. hxg4+ Kxg4 49. Kg2 f3+ 50. Kf1 Kg3 0-1

[Event "EU-ch Hybrid U14 Girls"]
[Site "Tornelo INT"]
[Date "2021.10.15"]
[Round "5"]
[White "Buyuk, Ecrin Efsa"]
[Black "Sharapova, Polina"]
[Result "1/2-1/2"]
[WhiteElo "1730"]
[BlackElo "1587"]
[PlyCount "122"]
[EventDate "2021.10.15"]
[EventType "swiss"]
[EventRounds "9"]
[EventCountry "NET"]
[SourceTitle "EXT 2023"]
[Source "ChessBase"]
[SourceDate "2022.10.05"]
[SourceVersion "1"]
[SourceVersionDate "2022.10.05"]
[SourceQuality "1"]
[WhiteTeam "Turkey"]
[BlackTeam "Ukraine"]
[WhiteTeamCountry "TUR"]
[BlackTeamCountry "UKR"]

1. e4 d6 2. d4 Nf6 3. Bd3 e5 4. dxe5 dxe5 5. Nf3 Nbd7 6. 0-0 Be7 7. Qe2 c6 8. c4 0-0 9. Bc2 a5 10. b3 Qc7 11. a4 Nc5 12. h3 Ne6 13. Bb2 Bd6 14. Rd1 Rd8 15. Na3 b6 16. Rd2 Nf4 17. Qf1 N6h5 18. Rad1 Be6 19. Nb1 h6 20. Nc3 g5 21. g4 Ng7 22. Ne2 Ng6 23. Ng3 f6 24. Nf5 Bxf5 25. exf5 Nf4 26. Be4 Bb4 27. Rxd8+ Rxd8 28. Rxd8+ Qxd8 29. Bxc6 Qd6 30. Be4 Ba3 31. Bxa3 Qxa3 32. Kh2 Qxb3 33. Bc6 Qc2 34. Bd5+ Nxd5 35. cxd5 Qxa4 36. Qa6 Qf4+ 37. Kg2 e4 38. Nh2 Qd6 39. Qc4 Ne8 40. Qxe4 Nc7 41. Nf3 Qxd5 42. Qe7 Qf7 43. Qd6 Nd5 44. Nd4 Nf4+ 45. Kg3 Qb7 46. f3 Kg7 47. Ne6+ Kh7 48. Nf8+ Kg7 49. Ne6+ Kh7 50. Nf8+ Kg7 51. Nd7 Nd5 52. Qf8+ Kh7 53. Qf7+ Kh8 54. Qe8+ Kg7 55. Qg6+ Kh8 56. Qxh6+ Kg8 57. Qg6+ Kh8 58. Qe8+ Kh7 59. Nf8+ Kg7 60. Ne6+ Kh7 61. Qg6+ Kh8 1/2-1/2

[Event "EU-ch Hybrid U14 Girls"]
[Site "Tornelo INT"]
[Date "2021.10.15"]
[Round "8"]
[White "Kuzmina, Anna"]
[Black "Sharapova, Polina"]
[Result "1/2-1/2"]
[WhiteElo "1423"]
[BlackElo "1587"]
[PlyCount "66"]
[EventDate "2021.10.15"]
[EventType "swiss"]
[EventRounds "9"]
[EventCountry "NET"]
[SourceTitle "EXT 2023"]
[Source "ChessBase"]
[SourceDate "2022.10.05"]
[SourceVersion "1"]
[SourceVersionDate "2022.10.05"]
[SourceQuality "1"]
[WhiteTeam "Russia"]
[BlackTeam "Ukraine"]
[WhiteTeamCountry "RUS"]
[BlackTeamCountry "UKR"]

1. e4 d6 2. d4 Nf6 3. Nc3 g6 4. g3 Bg7 5. Bg2 Nbd7 6. Nge2 0-0 7. 0-0 c5 8. Re1 Rb8 9. a4 a6 10. dxc5 Nxc5 11. Nd4 Qc7 12. Nd5 Nxd5 13. exd5 e5 14. dxe6 fxe6 15. b4 Qf7 16. Be3 e5 17. bxc5 exd4 18. Bxd4 Bxd4 19. Qxd4 dxc5 20. Qxc5 b6 21. Qd4 Bb7 22. Bxb7 Rxb7 23. Rad1 Rc7 24. Re2 Qc4 25. Qe5 Rc5 26. Qe3 Qxa4 27. Qe6+ Kh8 28. Rd7 Rcf5 29. Qd6 Qa1+ 30. Kg2 Qc3 31. Qd4+ Qxd4 32. Rxd4 b5 33. c4 bxc4 1/2-1/2

[Event "EU-ch Hybrid U14 Girls"]
[Site "Tornelo INT"]
[Date "2021.10.15"]
[Round "4"]
[White "Naghiyeva, Laman"]
[Black "Sharapova, Polina"]
[Result "0-1"]
[WhiteElo "1159"]
[BlackElo "1587"]
[PlyCount "62"]
[EventDate "2021.10.15"]
[EventType "swiss"]
[EventRounds "9"]
[EventCountry "NET"]
[SourceTitle "EXT 2023"]
[Source "ChessBase"]
[SourceDate "2022.10.05"]
[SourceVersion "1"]
[SourceVersionDate "2022.10.05"]
[SourceQuality "1"]
[WhiteTeam "Azerbaijan"]
[BlackTeam "Ukraine"]
[WhiteTeamCountry "AZE"]
[BlackTeamCountry "UKR"]

1. e4 d6 2. d4 Nf6 3. Nc3 g6 4. f4 Bg7 5. Nf3 0-0 6. e5 dxe5 7. fxe5 Nd5 8. Bc4 Nxc3 9. bxc3 c5 10. 0-0 Nc6 11. Be3 Bg4 12. h3 Bxf3 13. Rxf3 Qc7 14. e6 cxd4 15. exf7+ Kh8 16. cxd4 Nxd4 17. Bxd4 Qxc4 18. Bxg7+ Kxg7 19. Qd7 Rad8 20. Qxe7 Qd4+ 21. Kh2 Qxa1 22. c3 h6 23. Qf6+ Kh7 24. Rg3 Qb1 25. h4 Rd1 26. Rf3 Rh1+ 27. Kg3 Qe1+ 28. Rf2 Qe3+ 29. Rf3 Qe4 30. Rf4 Qe1+ 31. Rf2 Rf1 0-1

[Event "EU-ch Hybrid U14 Girls"]
[Site "Tornelo INT"]
[Date "2021.10.15"]
[Round "9"]
[White "Sharapova, Polina"]
[Black "Pandelescu, Maria Catalina"]
[Result "1-0"]
[WhiteElo "1587"]
[BlackElo "1447"]
[PlyCount "83"]
[EventDate "2021.10.15"]
[EventType "swiss"]
[EventRounds "9"]
[EventCountry "NET"]
[SourceTitle "EXT 2023"]
[Source "ChessBase"]
[SourceDate "2022.10.05"]
[SourceVersion "1"]
[SourceVersionDate "2022.10.05"]
[SourceQuality "1"]
[WhiteTeam "Ukraine"]
[BlackTeam "Romania"]
[WhiteTeamCountry "UKR"]
[BlackTeamCountry "ROU"]

1. e4 c5 2. Nf3 Nc6 3. Bb5 g6 4. Bxc6 bxc6 5. 0-0 Bg7 6. Re1 Nh6 7. c3 d5 8. e5 0-0 9. d4 cxd4 10. cxd4 e6 11. Bg5 Qc7 12. Qd2 Nf5 13. Rc1 Bb7 14. Nc3 h6 15. Bf6 Bxf6 16. exf6 Kh7 17. g4 Nd6 18. Qf4 Rac8 19. h4 Nc4 20. Qxc7 Rxc7 21. b3 Nd6 22. Na4 Ne4 23. g5 h5 24. Nc5 Nxc5 25. Rxc5 Rb8 26. Rac1 Ba8 27. R1c3 Rb6 28. a3 Rc8 29. Ne5 Kg8 30. Nd7 Rb7 31. Rxc6 Rxc6 32. Rxc6 Rxd7 33. Rc8+ Kh7 34. Rxa8 Rc7 35. Rf8 Rc1+ 36. Kg2 Rd1 37. Rxf7+ Kg8 38. Rg7+ Kf8 39. Rxg6 Rxd4 40. Rh6 Rxh4 41. g6 d4 42. Rh8# 1-0

[Event "EU-ch Hybrid U14 Girls"]
[Site "Tornelo INT"]
[Date "2021.10.15"]
[Round "6"]
[White "Sharapova, Polina"]
[Black "Vlasova, Olesia"]
[Result "0-1"]
[WhiteElo "1587"]
[BlackElo "1747"]
[PlyCount "106"]
[EventDate "2021.10.15"]
[EventType "swiss"]
[EventRounds "9"]
[EventCountry "NET"]
[SourceTitle "EXT 2023"]
[Source "ChessBase"]
[SourceDate "2022.10.05"]
[SourceVersion "1"]
[SourceVersionDate "2022.10.05"]
[SourceQuality "1"]
[WhiteTeam "Ukraine"]
[BlackTeam "Russia"]
[WhiteTeamCountry "UKR"]
[BlackTeamCountry "RUS"]

1. e4 c5 2. Nf3 Nc6 3. Bb5 g6 4. Bxc6 bxc6 5. 0-0 Bg7 6. Re1 Nh6 7. c3 0-0 8. d4 cxd4 9. cxd4 d5 10. e5 f6 11. exf6 exf6 12. Nc3 Nf7 13. b3 Nd6 14. Ba3 Rf7 15. Qe2 Bg4 16. h3 Bxf3 17. Qxf3 f5 18. Qd3 Ne4 19. Ne2 Qa5 20. Bb2 Bh6 21. f3 Nd6 22. Qc3 Qb6 23. Bc1 Nb5 24. Qd3 Bg7 25. Bb2 Re8 26. a4 Nc7 27. a5 Qb4 28. Qc3 Qxc3 29. Bxc3 Nb5 30. Bb2 Rfe7 31. Kf1 Re3 32. Nf4 Nxd4 33. Rxe3 Rxe3 34. Bxd4 Bxd4 35. Rc1 Rc3 36. Rxc3 Bxc3 37. a6 Kf7 38. Ke2 Be5 39. Nd3 Bd6 40. b4 Ke6 41. Ke3 Kd7 42. Kd4 Kc7 43. b5 cxb5 44. Kxd5 Ba3 45. g4 fxg4 46. hxg4 Kb6 47. f4 Kxa6 48. f5 gxf5 49. gxf5 Kb6 50. Ke6 b4 51. f6 b3 52. f7 Kb5 53. Kf6 Bf8 0-1

[Event "Kiev Spring op"]
[Site "Kiev"]
[Date "2021.07.14"]
[Round "6"]
[White "Sharapova, Polina"]
[Black "Saraev, Yaroslav"]
[Result "0-1"]
[WhiteElo "1598"]
[BlackElo "1830"]
[PlyCount "68"]
[EventDate "2021.07.10"]
[EventType "swiss"]
[EventRounds "9"]
[EventCountry "UKR"]
[SourceTitle "EXT 2024"]
[Source "ChessBase"]
[SourceDate "2023.10.10"]
[SourceVersion "1"]
[SourceVersionDate "2023.10.10"]
[SourceQuality "1"]

1. Nf3 Nf6 2. g3 d5 3. c4 e6 4. Bg2 Be7 5. 0-0 0-0 6. b3 Nbd7 7. Bb2 b6 8. d4 Bb7 9. Nc3 c6 10. Rc1 Rc8 11. Re1 c5 12. cxd5 Nxd5 13. Nxd5 exd5 14. Qd2 Rc7 15. Qf4 Bf6 16. h4 Re8 17. Ne5 Bxe5 18. dxe5 Nf8 19. h5 d4 20. Bxb7 Rxb7 21. e3 dxe3 22. Rxe3 Qd2 23. Rb1 Ne6 24. Qg4 Rd8 25. h6 Qc2 26. Ree1 Rd2 27. Rf1 Rxf2 28. Rxf2 Qxb1+ 29. Kg2 Rd7 30. hxg7 Rd1 31. Qf3 Rd7 32. Kh2 Qg6 33. Qc6 Qh6+ 34. Kg2 Nf4+ 0-1

[Event "Kiev Spring op"]
[Site "Kiev"]
[Date "2021.07.12"]
[Round "4"]
[White "Sharapova, Polina"]
[Black "Homeniuk, Ivan"]
[Result "0-1"]
[WhiteElo "1598"]
[BlackElo "1991"]
[PlyCount "66"]
[EventDate "2021.07.10"]
[EventType "swiss"]
[EventRounds "9"]
[EventCountry "UKR"]
[SourceTitle "EXT 2024"]
[Source "ChessBase"]
[SourceDate "2023.10.10"]
[SourceVersion "1"]
[SourceVersionDate "2023.10.10"]
[SourceQuality "1"]

1. c4 e6 2. g3 f5 3. Bg2 Nf6 4. Nc3 c6 5. Nf3 d5 6. cxd5 exd5 7. d4 Bd6 8. Bf4 Bxf4 9. gxf4 0-0 10. Ne5 Ne4 11. h4 Nd7 12. Nf3 Ndf6 13. e3 Qe7 14. Ne5 Be6 15. Qc2 Bf7 16. f3 Nd6 17. Bh3 Bh5 18. 0-0-0 Nd7 19. Qg2 Nxe5 20. fxe5 Nc4 21. Rde1 f4 22. e4 Ne3 23. Qf2 dxe4 24. fxe4 Qb4 25. Be6+ Kh8 26. d5 Qd4 27. Rhf1 h6 28. Qg1 Qxe5 29. Rf2 b5 30. Qh1 b4 31. Ne2 f3 32. Ng1 Qxe4 33. Qh2 cxd5 0-1

[Event "Kiev Spring op"]
[Site "Kiev"]
[Date "2021.07.10"]
[Round "1"]
[White "Babiy, Igor"]
[Black "Sharapova, Polina"]
[Result "1-0"]
[WhiteElo "2241"]
[BlackElo "1598"]
[PlyCount "43"]
[EventDate "2021.07.10"]
[EventType "swiss"]
[EventRounds "9"]
[EventCountry "UKR"]
[SourceTitle "EXT 2024"]
[Source "ChessBase"]
[SourceDate "2023.10.10"]
[SourceVersion "1"]
[SourceVersionDate "2023.10.10"]
[SourceQuality "1"]

1. Nf3 d5 2. c4 d4 3. g3 Nc6 4. Bg2 e5 5. 0-0 e4 6. Ne1 f5 7. d3 Nf6 8. Bg5 exd3 9. Nxd3 h6 10. Bxf6 Qxf6 11. e4 Be7 12. e5 Qf7 13. Nf4 Nxe5 14. Re1 Nc6 15. Na3 Bd7 16. Bd5 Qf6 17. Ne6 Bxe6 18. Rxe6 Qg5 19. f4 Qg4 20. Bxc6+ bxc6 21. Qxg4 fxg4 22. Rae1 1-0

[Event "EU-ch Online U12 Girls"]
[Site "Tornelo INT"]
[Date "2020.09.20"]
[Round "7"]
[White "Zavivaeva, Evelina"]
[Black "Sharapova, Polina"]
[Result "0-1"]
[WhiteElo "1527"]
[BlackElo "1692"]
[PlyCount "118"]
[EventDate "2020.09.18"]
[EventType "swiss (rapid)"]
[EventRounds "9"]
[EventCountry "NET"]
[SourceTitle "EXT 2023"]
[Source "ChessBase"]
[SourceDate "2022.10.05"]
[SourceVersion "1"]
[SourceVersionDate "2022.10.05"]
[SourceQuality "1"]
[WhiteTeam "Russia"]
[BlackTeam "Ukraine"]
[WhiteTeamCountry "RUS"]
[BlackTeamCountry "UKR"]

1. e4 d6 2. d4 Nf6 3. Nc3 g6 4. Bg5 c6 5. Qd2 Bg7 6. 0-0-0 h6 7. Be3 Nbd7 8. f3 h5 9. h3 b5 10. e5 dxe5 11. dxe5 b4 12. exf6 bxc3 13. Qxc3 Bxf6 14. Bd4 Qc7 15. Kb1 Rb8 16. Bc4 e5 17. Be3 Nb6 18. Bb3 Be6 19. f4 Rd8 20. Rxd8+ Kxd8 21. Nf3 Nd7 22. Rd1 Kc8 23. fxe5 Nxe5 24. Nxe5 Bxe5 25. Bd4 Rd8 26. Bxe6+ fxe6 27. Rd3 Bxd4 28. Rxd4 Rxd4 29. Qxd4 Qg3 30. Qd2 Kc7 31. a3 e5 32. Qa5+ Kd6 33. Qd2+ Ke6 34. Qe2 Kf5 35. Qf1+ Ke6 36. Qc4+ Kf5 37. Qxc6 e4 38. Qd5+ Qe5 39. Qd2 e3 40. Qe2 Qf4 41. Qd3+ Ke6 42. Qxg6+ Ke5 43. Qxh5+ Ke4 44. Qh7+ Kd4 45. Qxa7+ Kd5 46. Qb7+ Ke6 47. Qc6+ Kf7 48. Qd5+ Ke7 49. Qc5+ Kf7 50. Qa7+ Ke6 51. Qa6+ Kf7 52. Qb7+ Ke6 53. Qc6+ Kf7 54. Qd7+ Kf6 55. Qd8+ Ke6 56. Qg8+ Kd7 57. Qd5+ Ke7 58. Qc5+ Kf7 59. Qh5+ Ke7 0-1

[Event "EU-ch Online U12 Girls"]
[Site "Tornelo INT"]
[Date "2020.09.19"]
[Round "4"]
[White "Sharapova, Polina"]
[Black "Yildiz, Elif Zeren"]
[Result "1/2-1/2"]
[WhiteElo "1692"]
[BlackElo "1304"]
[PlyCount "137"]
[EventDate "2020.09.18"]
[EventType "swiss (rapid)"]
[EventRounds "9"]
[EventCountry "NET"]
[SourceTitle "EXT 2023"]
[Source "ChessBase"]
[SourceDate "2022.10.05"]
[SourceVersion "1"]
[SourceVersionDate "2022.10.05"]
[SourceQuality "1"]
[WhiteTeam "Ukraine"]
[BlackTeam "Turkey"]
[WhiteTeamCountry "UKR"]
[BlackTeamCountry "TUR"]

1. d4 c5 2. d5 e5 3. e4 d6 4. Nc3 Be7 5. f3 Bg5 6. Bb5+ Nd7 7. a4 a6 8. Bc4 Bxc1 9. Qxc1 Ne7 10. Nh3 Nb6 11. Be2 Bxh3 12. gxh3 Ng6 13. Qe3 Qh4+ 14. Qf2 Qxh3 15. Bf1 Qh6 16. Ne2 Nf4 17. Ng3 g6 18. h4 0-0-0 19. b4 Nd7 20. b5 a5 21. b6 Nxb6 22. Qd2 Kc7 23. Qxa5 Ra8 24. Qb5 Qf8 25. a5 Nd7 26. a6 Qb8 27. Qa5+ b6 28. Qb5 Kd8 29. h5 Ke7 30. Qa4 Ra7 31. Bb5 Nf6 32. hxg6 hxg6 33. 0-0-0 Qc8 34. Rxh8 Qxh8 35. Rh1 N4h5 36. Nxh5 Nxh5 37. Kb2 Qc8 38. Ra1 Nf6 39. Bc6 Nd7 40. Bb7 Qh8 41. Qc6 Qh6 42. Bc8 Qh3 43. Ra3 Kd8 44. f4 Qg4 45. f5 Rc7 46. Bxd7 Rxc6 47. Bxc6 Qxe4 48. Ra4 Qxa4 49. Bxa4 Kc8 50. f6 g5 51. Kc3 g4 52. Bb5 g3 53. Bf1 Kb8 54. Kd3 Ka7 55. Ke3 g2 56. Bxg2 Kxa6 57. c4 b5 58. Kd3 b4 59. Kc2 Kb7 60. Bh3 Kc7 61. Be6 Kd8 62. Bxf7 Kd7 63. Be6+ Ke8 64. f7+ Kf8 65. Kb3 Kg7 66. Kc2 Kf8 67. Kb3 Kg7 68. Kc2 Kf8 69. Kb3 1/2-1/2